|
|
|
|
| LEADER |
04073nam a22005415i 4500 |
| 001 |
978-3-642-14464-6 |
| 003 |
DE-He213 |
| 005 |
20151204154321.0 |
| 007 |
cr nn 008mamaa |
| 008 |
101004s2010 gw | s |||| 0|eng d |
| 020 |
|
|
|a 9783642144646
|9 978-3-642-14464-6
|
| 024 |
7 |
|
|a 10.1007/978-3-642-14464-6
|2 doi
|
| 040 |
|
|
|d GrThAP
|
| 050 |
|
4 |
|a Q342
|
| 072 |
|
7 |
|a UYQ
|2 bicssc
|
| 072 |
|
7 |
|a COM004000
|2 bisacsh
|
| 082 |
0 |
4 |
|a 006.3
|2 23
|
| 245 |
1 |
0 |
|a Computational Intelligence in Healthcare 4
|h [electronic resource] :
|b Advanced Methodologies /
|c edited by Isabelle Bichindaritz, Sachin Vaidya, Ashlesha Jain, Lakhmi C. Jain.
|
| 264 |
|
1 |
|a Berlin, Heidelberg :
|b Springer Berlin Heidelberg,
|c 2010.
|
| 300 |
|
|
|a VIII, 464 p. 188 illus., 102 illus. in color.
|b online resource.
|
| 336 |
|
|
|a text
|b txt
|2 rdacontent
|
| 337 |
|
|
|a computer
|b c
|2 rdamedia
|
| 338 |
|
|
|a online resource
|b cr
|2 rdacarrier
|
| 347 |
|
|
|a text file
|b PDF
|2 rda
|
| 490 |
1 |
|
|a Studies in Computational Intelligence,
|x 1860-949X ;
|v 309
|
| 505 |
0 |
|
|a Advances in Computational Intelligence in Healthcare -- Artificial Agents in Healthcare -- Clinical Semantics -- Agent Technology and Healthcare: Possibilities, Challenges and Examples of Application -- Mobile Agents in Healthcare, a Distributed Intelligence Approach -- A Joint Bayesian Framework for MR Brain Scan Tissue and Structure Segmentation Based on Distributed Markovian Agents -- The i-Walker: An Intelligent Pedestrian Mobility Aid -- Case-Based Reasoning in Healthcare -- Case-Based Reasoning in the Health Sciences: Foundations and Research Directions -- Intelligent Signal Analysis Using Case-Based Reasoning for Decision Support in Stress Management -- Case-Based Reasoning in a Travel Medicine Application -- Providing Case-Based Retrieval as a Decision Support Strategy in Time Dependent Medical Domains -- Meta-learning for Image Processing Based on Case-Based Reasoning -- Explaining Medical Model Exceptions -- Computational Intelligence Techniques for Classification in Microarray Analysis -- Sample Applications and Case Studies -- The Evolution of Healthcare Applications in the Web 2.0 Era -- Intelligent Adaptive Monitoring for Cardiac Surveillance -- Computational Intelligence in Cognitive Healthcare Information Systems -- An Advanced Probabilistic Framework for Assisting Screening Mammogram Interpretation -- Pattern Classification Techniques for Lung Cancer Diagnosis by an Electronic Nose -- A Portable Wireless Solution for Back Pain Telemonitoring: A 3D-Based, Virtual Reality Approach.
|
| 520 |
|
|
|a This book is a continuation of the volumes providing various per-spectives on computational intelligence in healthcare [1-3]. This book is aimed to provide a sample of the state of art in the prac-tical applications of computational intelligence paradigms in health-care. It includes nineteen chapters on using various computational intelligent paradigms in healthcare such as intelligent agents and case-based reasoning. A number of applications and case studies are presented. This book is targeted towards scientists, application engineers, pro-fessors, health professionals, professors and students.
|
| 650 |
|
0 |
|a Engineering.
|
| 650 |
|
0 |
|a Health informatics.
|
| 650 |
|
0 |
|a Artificial intelligence.
|
| 650 |
|
0 |
|a Computational intelligence.
|
| 650 |
|
0 |
|a Biomedical engineering.
|
| 650 |
1 |
4 |
|a Engineering.
|
| 650 |
2 |
4 |
|a Computational Intelligence.
|
| 650 |
2 |
4 |
|a Artificial Intelligence (incl. Robotics).
|
| 650 |
2 |
4 |
|a Biomedical Engineering.
|
| 650 |
2 |
4 |
|a Health Informatics.
|
| 700 |
1 |
|
|a Bichindaritz, Isabelle.
|e editor.
|
| 700 |
1 |
|
|a Vaidya, Sachin.
|e editor.
|
| 700 |
1 |
|
|a Jain, Ashlesha.
|e editor.
|
| 700 |
1 |
|
|a Jain, Lakhmi C.
|e editor.
|
| 710 |
2 |
|
|a SpringerLink (Online service)
|
| 773 |
0 |
|
|t Springer eBooks
|
| 776 |
0 |
8 |
|i Printed edition:
|z 9783642144639
|
| 830 |
|
0 |
|a Studies in Computational Intelligence,
|x 1860-949X ;
|v 309
|
| 856 |
4 |
0 |
|u http://dx.doi.org/10.1007/978-3-642-14464-6
|z Full Text via HEAL-Link
|
| 912 |
|
|
|a ZDB-2-ENG
|
| 950 |
|
|
|a Engineering (Springer-11647)
|